Statistics for Top 20 Wealthiest Musicians of All Time

Click here to take the quiz!

General Stats

  • This quiz has been taken 296 times
  • The average score is 12 of 20

Answer Stats

HintAnswer% Correct
2Beatles IconPaul McCartney
87%
6My Heart Will Go OnCeline Dion
82%
10The original Material GirlMadonna
82%
13From Destiny's Child to a solo careerBeyonce
81%
20Frontman for The PoliceSting
76%
12Pianist/Vocalist with 27 multi-platinum albumsElton John
74%
17He can't get no satisfactionMick Jagger
74%
15His hair caught on fire in 1984Michael Jackson
68%
5Sunday Bloody SundayBono
65%
7Rapper whose real name is Sean Corey CarterJay-Z
64%
19Another one of the Fab FourRingo Starr
63%
3Sold Beats to AppleDr. Dre
59%
8White ChristmasBing Crosby
52%
1Phantom of the Opera composerAndrew Lloyd Webber
49%
4Ciroc Vodka and Sean JohnSean "Diddy" Combs
46%
18Kiss bassistGene Simmons
42%
11Country star with more than 41 top 10 albumsDolly Parton
34%
9Also has a nail polish and perfume lineMariah Carey
29%
14The original Parrot HeadJimmy Buffett
15%
16Cowboy who sang "Frosty the Snowman"Gene Autry
12%

Score Distribution

Percentile by Number Answered

Percent of People with Each Score

Your Score History

You have not taken this quiz